00342nam a2200145Ia 4500008004100000020001500041041001200056082001600068100001800084245003800102250000800140260002500148300000800173650001500181221030s9999 xx 000 0 und d a8120308948 aEnglish a105.23bMoh aA. K. Mohanty 0aFluid Mechanicscby A. K. Mohanty a2nd bPHIaNew Delhic2002 a530 aMechanical